Historia del Viejo y Nuevo Testamento (Record no. 8301)

MARC details
000 -CABECERA
campo de control de longitud fija 01869nam a2200289 a 4500
001 - NÚMERO DE CONTROL
campo de control BRCA_8641
003 - IDENTIFICADOR DEL NÚMERO DE CONTROL
campo de control FranzMayer
005 - FECHA Y HORA DE LA ÚLTIMA TRANSACCIÓN
campo de control 20230724143325.0
008 - DATOS DE LONGITUD FIJA--INFORMACIÓN GENERAL
campo de control de longitud fija 280916s1783----sp-#######---#000-0#spa-#
040 ## - FUENTE DE LA CATALOGACIÓN
Centro/agencia transcriptor MFM
041 ## - CÓDIGO DE LENGUA
Código de lengua del texto/banda sonora o título independiente spa
044 ## - CÓDIGO DEL PAÍS DE LA ENTIDAD EDITORA/PRODUCTORA
Código MARC del país sp
084 ## - OTRO NÚMERO DE CLASIFICACIÓN
Número de clasificación BE34
Número de documento/Ítem .E77 1783
100 1# - ENTRADA PRINCIPAL--NOMBRE DE PERSONA
Nombre de persona Erra, Carlos Antonio
9 (RLIN) 21568
245 10 - MENCIÓN DE TÍTULO
Título Historia del Viejo y Nuevo Testamento
Mención de responsabilidad, etc. su autor el P. Carlos Antonio Erra, Milanes, de la Congregacion de Clerigos Reglares de la Madre de Dios ; traducida del latin al castellano por un sacerdote secular ; tomo III.
250 ## - MENCIÓN DE EDICIÓN
Mención de edición 3
260 ## - PUBLICACIÓN, DISTRIBUCIÓN, ETC.
Lugar de publicación, distribución, etc. Madrid
Nombre del editor, distribuidor, etc. Por D. Joachín Ibarra
Fecha de publicación, distribución, etc. 1783
300 ## - DESCRIPCIÓN FÍSICA
Extensión xx, 535 p. (t.3)
500 ## - NOTA GENERAL
Nota general Estado físico : lomo por desprenderse y hojas con manchas
500 ## - NOTA GENERAL
Nota general Con marca de fuego : ´Procedencia de la marca: Convento de San Francisco de Silao, Guanajuato(1). Institución: Provincia de San Pedro y San Pablo de Michoacán. Descripción: Abreviatura de la palabra Conv[en]to seguido del monograma compuesto por las iniciales “A”, “S”, “I” y “L” que se desata como Silao. El todo inscrito en un rectángulo. Observaciones: David Saavedra la adjudica al Convento Franciscano de Silao, Guanajuato. Con el testimonio de pertenencia ubicado en este ejemplar se corrobora la atribución realizada por David Saavedra. Ubicación de la marca en el libro: Canto superior, inferior y lateral´
500 ## - NOTA GENERAL
Nota general En la anteportada : Testimonio de pertenencia: Fr[ay] Rafael Estrada del Conv[en]to Silao
505 0# - NOTA DE CONTENIDO CON FORMATO
Nota de contenido con formato Contenido : t.3. Desde la entrada de los israelitas en la tierra de promision, hasta su cautividad
650 14 - PUNTO DE ACCESO ADICIONAL DE MATERIA--TÉRMINO DE MATERIA
Término de materia o nombre geográfico como elemento de entrada Historia sagrada
9 (RLIN) 21569
856 ## - LOCALIZACIÓN Y ACCESO ELECTRÓNICOS
Nombre del host http://www.marcasdefuego.buap.mx:8180/xmLibris/projects/firebrand/item.jsp?repository=marcas_de_fuego&key=marcas_de_fuego_franciscanas_20150807140752_1047.xml&num=128
902 ## - CATALOGADOR
Iniciales CFM
942 ## - ELEMENTOS DE PUNTO DE ACCESO ADICIONAL (KOHA)
Fuente del sistema de clasificación o colocación Library of Congress Classification
Tipo de ítem Koha Libros
Holdings
Estado de retiro Estado de pérdida Fuente del sistema de clasificación o colocación Estado dañado No para préstamo Código de colección Localización permanente Ubicación/localización actual Fecha de adquisición Fuente de adquisición Total de préstamos Signatura topográfica completa Código de barras Fecha visto por última vez Precio válido a partir de Tipo de ítem Koha
El ejemplar forma parte de la colección y puede ser consultado según las políticas vigentes.   Library of Congress Classification     Conventual Franz Mayer Biblioteca del Museo Franz Mayer (Rogerio Casas-Alatriste) Biblioteca del Museo Franz Mayer (Rogerio Casas-Alatriste) 23/09/2016 Donación   BE34 .E77 1783 CFM00031 22/03/2019 22/03/2019 Libros